Elvis Presley 60s Albums Pt.1 - Statistics

General Stats
  • This quiz has been taken 19 times
  • The average score is 33 of 122
Answer Stats
Answer % Correct
Blue Suede Shoes
86%
G.I. Blues
86%
I Will Be Home Again
86%
Soldier Boy
86%
Such a Night
86%
Dirty, Dirty Feeling
71%
Fever
71%
His Hand in Mine
71%
Reconsider Baby
71%
The Girl of My Best Friend
71%
Wooden Heart
71%
Can't Help Falling In Love
57%
Didja' Ever
57%
Fame and Fortune
57%
Frankfort Special
57%
Girls! Girls! Girls!
57%
I'm Coming Home
57%
It Feels So Right
57%
Make Me Know It
57%
Pocketful of Rainbows
57%
The Girl Next Door Went A'Walking
57%
Tonight Is So Right for Love
57%
Big Boots
43%
Blue Hawaii
43%
Bossa Nova Baby
43%
Doin' the Best I Can
43%
Fun in Acapulco
43%
Happy Ending
43%
Hawaiian Wedding Song
43%
It's Now or Never
43%
Judy
43%
Kiss Me Quick
43%
Like a Baby
43%
Shoppin' Around
43%
Song of the Shrimp
43%
Stuck on You
43%
Suspicion
43%
Take Me to the Fair
43%
That's Someone You Never Forget
43%
Thrill of Your Love
43%
What's She Really Like
43%
Are You Lonesome Tonight
29%
Beyond the Bend
29%
Earth Boy
29%
Give Me the Right
29%
Good Luck Charm
29%
I Believe in the Man in the Sky
29%
I'm Gonna Walk Dem Golden Stairs
29%
Little Sister
29%
Milky White Way
29%
Night Rider
29%
Relax
29%
Return to Sender
29%
Steppin' out of Line
29%
Surrender
29%
They Remind Me Too Much of You
29%
Almost Always True
14%
Aloha Oe
14%
Anything That's Part of You
14%
Beach Boy Blues
14%
Cotton Candy Land
14%
Easy Question
14%
Fountain of Love
14%
Gently
14%
Guadalajara
14%
Hawaiian Sunset
14%
His Latest Flame
14%
I Don't Wanna Be Tied
14%
I Feel so Bad
14%
I Gotta Know
14%
I'm Yours
14%
In My Father's House
14%
Ito Eats
14%
It's a Sin
14%
Joshua Fit the Battle
14%
Just for Old Time Sake
14%
Known Only to Him
14%
Ku-U-I-Po
14%
Mansion over the Hilltop
14%
Mexico
14%
Moonlight Swim
14%
No Room to Rhumba in a Sports Car
14%
One Broken Heart for Sale
14%
She's Not You
14%
Slicin' Sand
14%
Slowly but Surely
14%
Something Blue
14%
Starting Today
14%
Swing Down Sweet Chariot
14%
There's Always Me
14%
The Walls Have Ears
14%
Tonight's All Right for Love
14%
Vino, Dinero Y Amor
14%
Working on the Building
14%
A Boy Like Me, A Girl Like You
0%
A World of Our Own
0%
Because of Love
0%
El Toro
0%
Gonna Get Back Somehow
0%
He Knows Just What I Need
0%
How Would You Like to Be
0%
I Don't Want To
0%
I Feel That I've Known You Forever
0%
If We Never Meet Again
0%
I'm Falling in Love Tonight
0%
In Your Arms
0%
Island of Love
0%
I Slipped, I Stumbled, I Fell
0%
I Think I'm Gonna Like It Here
0%
I Want You with Me
0%
Love Me Tonight
0%
Marguerita
0%
No More
0%
Put the Blame on Me
0%
Rock-A-Hula Baby
0%
Sentimental Me
0%
Thanks to the Rolling Sea
0%
The Bullfighter Was a Lady
0%
We'll Be Together
0%
We're Coming In Loaded
0%
Where Do You Come From
0%
You Can't Say No In Acapulco
0%
No matching quizzes found
Score Distribution
Percent of People with Each Score
Percentile by Number Answered
Your Score History
You have not taken this quiz